Partis Politiques des membres du gouvernement Borne - Statistiques

Statistiques générales
  • Ce quiz a été pris 172 fois
  • Le résultat moyen est 3 sur 5
Statistiques - réponses
Parti Nombre de Membres % Correct
La République en Marche / Renaissance 14
99%
Mouvement Démocrate 1
82%
Horizons 1
77%
Agir 1
35%
Territoire de Progrès 6
34%
Aucun quiz correspondant
Distribution des résultats
% des personnes avec chaque résultat
Percentile par nombre de réponses
Votre historique - résultats
Vous n’avez pas pris ce quiz